दोहा रामायण / (Record no. 112555)

MARC details
000 -LEADER
fixed length control field 00993nam a22002537a 4500
005 - DATE AND TIME OF LATEST TRANSACTION
control field 20170124102940.0
010 ## - LIBRARY OF CONGRESS CONTROL NUMBER
LC control number A-716825
020 ## - INTERNATIONAL STANDARD BOOK NUMBER
Terms of availability 00.00
International Standard Book Number 8170247071
035 ## - SYSTEM CONTROL NUMBER
System control number A-716825
037 ## - SOURCE OF ACQUISITION
Source of stock number/acquisition Cen Lib/Ret
040 ## - CATALOGING SOURCE
Original cataloging agency DPL
Language of cataloging HN
082 ## - DEWEY DECIMAL CLASSIFICATION NUMBER
Classification number 821
Item number मिश्र भ
100 ## - MAIN ENTRY--PERSONAL NAME
Personal name मिश्रभ ,भरत
9 (RLIN) 3694
245 ## - TITLE STATEMENT
Title दोहा रामायण /
Statement of responsibility, etc भरत मिश्र
246 ## - VARYING FORM OF TITLE
Title proper/short title Doha ramayan
Remainder of title by Bhrat mishar
260 ## - PUBLICATION, DISTRIBUTION, ETC. (IMPRINT)
Place of publication, distribution, etc नई दिल्ली
Name of publisher, distributor, etc ए.पी.एच. पब्लिशिंग
270 ## - ADDRESS
Address 5-अंसारी रोड दरिया गंज
City नई दिल्ली
Postal code 110002
300 ## - PHYSICAL DESCRIPTION
Extent 96पृष्ठ.
Dimensions 21सेमी (सजिल्द)
650 ## - SUBJECT ADDED ENTRY--TOPICAL TERM
Topical term or geographic name as entry element हिंदी कविता
9 (RLIN) 48165
650 ## - SUBJECT ADDED ENTRY--TOPICAL TERM
Topical term or geographic name as entry element काव्य की परम्परा
9 (RLIN) 1101
650 ## - SUBJECT ADDED ENTRY--TOPICAL TERM
Topical term or geographic name as entry element hindi poetry
9 (RLIN) 48166
650 ## - SUBJECT ADDED ENTRY--TOPICAL TERM
Topical term or geographic name as entry element Poetic tradition
9 (RLIN) 48167
942 ## - ADDED ENTRY ELEMENTS (KOHA)
Source of classification or shelving scheme Dewey Decimal Classification
Koha item type Hindi Books
Classification part 821
Call number suffix मिश्रभ
Holdings
Withdrawn status Lost status Damaged status Not for loan Home library Current library Date acquired Source of acquisition Cost, normal purchase price Total Checkouts Full call number Barcode Date last seen Date checked out Copy number Cost, replacement price Price effective from Koha item type
        Central Library Central Library 08/08/2015 Cen Lib/Ret 0.00 1 821 मिश्र भ A-716825 10/10/2018 26/09/2018 1 0.00 08/08/2015 Hindi Books

© Delhi Public Library
Hit Counter
free hit counter